| 000 -CABECERA |
| Longitud fija campo de control |
00677nam a2200193 a 4500 |
| 001 - NÚMERO DE CONTROL |
| Número de control |
5830 |
| 003 - IDENTIFICADOR DEL NÚMERO DE CONTROL |
| Identificador del número de control |
CDMR |
| 005 - FECHA Y HORA DE LA ÚLTIMA TRANSACCIÓN |
| Fecha y hora de la última transacción |
20131213134327.0 |
| 008 - CÓDIGOS DE INFORMACIÓN DE LONGITUD FIJA |
| Códigos de información de longitud fija |
130220s1997||||||||||||||||||||||||||||d |
| 020 ## - NÚMERO INTERNACIONAL NORMALIZADO PARA LIBROS |
| Número Internacional Normalizado para Libros (ISBN) |
8474238145 |
| 040 ## - FUENTE DE LA CATALOGACIÓN |
| Centro catalogador de origen |
CDMR |
| Lengua de catalogación |
cat |
| Centro transcriptor |
CDMR |
| 100 1# - PUNTO DE ACCESO PRINCIPAL-NOMBRE DE PERSONA |
| Nombre de persona |
Larra, Mariano José de |
| 9 (RLIN) |
2357 |
| 245 10 - MENCIÓN DE TÍTULO |
| Título |
Fígaro |
| Resto del título |
: colección de artículos dramáticos, literarios, políticos y de costumbres |
| Mención de responsabilidad, etc. |
Mariano José de Larra ; edición [...] de Alejandro Pérez Vidal ; con un estudio preliminar de Leonardo Romero |
| 260 ## - PUBLICACIÓN, DISTRIBUCIÓN, ETC. (PIE DE IMPRENTA) |
| Lugar de publicación, distribución, etc. |
Barcelona |
| Nombre del editor, distribuidor, etc. |
Crítica |
| Fecha de publicación, distribución, etc. |
1997 |
| 300 ## - DESCRIPCIÓN FÍSICA |
| Extensión |
796 p. ; |
| Dimensiones |
22 cm |
| 490 0# - MENCIÓN DE SERIE |
| Mención de serie |
Biblioteca clásica |
| Designación de volumen o secuencia |
92 |
| 600 1# - PUNTO DE ACCESO ADICIONAL DE MATERIA - NOMBRE DE PERSONA |
| 9 (RLIN) |
2357 |
| Nombre de persona |
Larra, Mariano José de |
| 942 ## - ENTRADA DE ELEMENTOS AGREGADOS (KOHA) |
| Koha [por defecto] tipo de item |
Monografies |
| Fuente de clasificaión o esquema |
|